000 01052nam0a22002531 4500
001 rc\3002152
005 20110920121349.5
035 _a(NLR Aleph) 007145229
090 _a7095773
_c7095773
100 _a20110920d1936 |||y0rusy50 ca
101 0 _arus
102 _aRU
105 _aa z |||||
200 1 _aРуководство для бригадиров хлебозаводов оборудованных печами с выдвижными подами
_eУтв. Гл. упр. хлебопекарной пром-сти НКПищепрома СССР
_fА.И. Лоза и Ю.К. Мешков
210 _aМосква
_cПищепромиздат
_d1936
_eМосква
_gтип. Профиздата
215 _aПереплет, 237, [2] с.
_cил.
_d15×11 см
225 1 _aТехнический минимум
700 1 _aЛоза
_bА. И.
_gАлександр Иванович
701 1 _aМешков
_bЮ. К.
801 0 _aRU
_bNLR
_gpsbo
801 1 _aRU
_bELAR
_2rusmarc
852 _aNLR
_j36-1/277
942 _cBOOK
980 _aNB